Thủ lĩnh bộ lạc Tribal leadership: Levegaring Natural groups to build a thriving organization :Thuật lãnh đạo xuất chúng để đưa tổ chức vươn tới một tầm cao mới
Trình bày về: Hệ thống lãnh đạo trong bộ lạc; Hành trình của bạn với tư cách thủ lĩnh; Xậy dựng thủ lĩnh bộ lạc; Hướng tới các cộng đồng làm việc sống còn
שמור ב:
| מחבר ראשי: | |
|---|---|
| מחברים אחרים: | |
| פורמט: | ספר |
| שפה: | Undetermined |
| יצא לאור: |
H.
Hồng Đức
2019
|
| נושאים: | |
| גישה מקוונת: | http://lrc.tdmu.edu.vn/opac/search/detail.asp?aID=2&ID=41325 |
| תגים: |
הוספת תג
אין תגיות, היה/י הראשונ/ה לתייג את הרשומה!
|
| Thư viện lưu trữ: | Trung tâm Học liệu Trường Đại học Thủ Dầu Một |
|---|
| LEADER | 01203nam a2200229Ia 4500 | ||
|---|---|---|---|
| 001 | TDMU_41325 | ||
| 008 | 210410s9999 xx 000 0 und d | ||
| 082 | |a 343.597099902632 | ||
| 090 | |b L427 | ||
| 100 | |a Logan, Dave | ||
| 245 | 0 | |a Thủ lĩnh bộ lạc | |
| 245 | 0 | |b Tribal leadership: Levegaring Natural groups to build a thriving organization :Thuật lãnh đạo xuất chúng để đưa tổ chức vươn tới một tầm cao mới | |
| 245 | 0 | |c Dave Logan, John King, Halle Fischer-Wright; Huy Tâm dịch; Trần Thị Thu Huyền hiệu đính | |
| 260 | |a H. | ||
| 260 | |b Hồng Đức | ||
| 260 | |c 2019 | ||
| 300 | |a 482tr. | ||
| 520 | |a Trình bày về: Hệ thống lãnh đạo trong bộ lạc; Hành trình của bạn với tư cách thủ lĩnh; Xậy dựng thủ lĩnh bộ lạc; Hướng tới các cộng đồng làm việc sống còn | ||
| 650 | |a Nghệ thuật lãnh đạo |x Bí quyết thành công | ||
| 700 | |a Huy Tâm | ||
| 856 | |u http://lrc.tdmu.edu.vn/opac/search/detail.asp?aID=2&ID=41325 | ||
| 980 | |a Trung tâm Học liệu Trường Đại học Thủ Dầu Một | ||